| 000 | 00977cam a22002771 4500 | ||
|---|---|---|---|
| 001 | 8411971 | ||
| 005 | 20050708180614.0 | ||
| 008 | 810223s1958 maua b 000 0 eng | ||
| 010 | _a 58006077 | ||
| 015 | _aGB58-6374 | ||
| 035 | _a(OCoLC)7147706 | ||
| 040 |
_aDLC _cWMM _dUk _dDLC |
||
| 042 | _apremarc | ||
| 050 | 0 | 0 |
_aTP807 _b.K5 |
| 082 |
_a666.3 _222 _bCER |
||
| 100 | 1 |
_aKingery, W. D. _eed. _97346 |
|
| 245 | 1 | 0 |
_aCeramic Fabrication Processes/ _cW. D. Kingery, Editor |
| 260 |
_aCambridge, MA.: _bTechnology Press of Massachusetts Institute of Technology, _c1958 |
||
| 300 |
_axi, 235 p.: _billus., diagrs.; _c28 cm. |
||
| 490 | 0 | _aTechnology Press books in science and engineering | |
| 500 | _aIncludes indexes | ||
| 504 | _aIncludes bibliographies. | ||
| 650 | 0 |
_aCeramic industries. _97347 |
|
| 942 |
_2ddc _cBB |
||
| 999 |
_c12144 _d12144 |
||